Disney Villains - Statistics

General Stats
  • This quiz has been taken 76 times
  • The average score is 13 of 20
Answer Stats
Hint Answer % Correct
Lion Scar
88%
Old hag Evil Queen
87%
Heavy octopus Ursula
87%
obsessed with fur Cruella De Vil
83%
Ruler of underworld Hades
82%
Missing hand Captain Hook
80%
off with your head Queen of Hearts
77%
Climbs hair Mother Gothel
73%
eats 5 dozen eggs Gaston
72%
Wingless fairy Maleficent
72%
Turns prince into frog Doctor Facillier
70%
Royal Vasir Jafar
68%
Wicked step mother Lady Tremaine
67%
12 older brothers Hans
63%
Turned into cat Yzma
55%
Giant Crab Tamatoa
53%
Turbo in disguise King Candy
50%
Smells like strawberries Lotso
42%
Previous ones sister Morgana
27%
andalasia ruler (enchanted) Narissa
23%
No matching quizzes found
Score Distribution
Percent of People with Each Score
Percentile by Number Answered
Your Score History
You have not taken this quiz